Music Quiz

Random Music or Song Quiz

Top 10 Billboard Hits of 2014 Quiz Stats

 Plays Quiz not verified by Sporcle

Challenge
Share
Tweet
Score 0/56 Timer 20:00
0 Plays Today
Time Song % Correct
1:44Shake It Off
91.1%
0:11Bang Bang
88.3%
0:24Blank Space
87.9%
2:31Happy
87.5%
1:10Problem
86.8%
8:47Fancy
83.3%
2:44Anaconda
82.1%
3:08Black Widow
81.3%
0:00Counting Stars
80.9%
9:24All About That Bass
80.9%
3:32Roar
80.2%
4:41Royals
78.2%
8:35Dark Horse
78.2%
6:40Stay With Me
76.3%
2:07Animals
75.9%
6:28Break Free
75.9%
8:12Rude
75.5%
8:24All Of Me
75.5%
9:00Timber
75.1%
0:47Rather Be
74.7%
3:44Maps
74.3%
5:50Boom Clap
73.5%
1:21Wake Me Up
72%
5:37Chandelier
72%
5:15Don't
71.6%
0:35Turn Down For What
70.8%
2:19Am I Wrong
70%
4:06Let It Go
69.6%
Time Song % Correct
7:26The Monster
69.3%
0:59Pompeii
68.9%
9:37Wrecking Ball
68.9%
8:01Drunk In Love
68.5%
7:02Team
68.1%
10:01Talk Dirty
67.7%
5:04Summer
65.8%
1:32Demons
65.4%
3:54Say Something
65.4%
3:20Story of My Life
64.6%
4:17Wiggle
63%
10:38Lips Are Movin
62.6%
4:29Take Me to Church
62.3%
6:51Love Me Harder
57.6%
6:01I'm Not The Only One
56.8%
9:12A Sky Full Of Stars
54.5%
6:14Latch
54.1%
10:25Habits (Stay High)
53.7%
5:27Jealous
52.5%
7:49Ain't It Fun
50.2%
1:55Not A Bad Thing
47.9%
7:14Don't Tell 'Em
47.5%
10:50The Heart Wants What It Wants
46.3%
10:12The Man
44%
4:52Loyal
40.5%
7:38Love Never Felt So Good
38.9%
9:48Hot Boy
28.8%
2:55We Might Be Dead By Tomorrow
12.5%

You're not logged in!

Compare scores with friends on all Sporcle quizzes.
OR
Log In

You Might Also Like...

Show Comments

Extras

Top Quizzes Today


Score Distribution

Your Account Isn't Verified!

In order to create a playlist on Sporcle, you need to verify the email address you used during registration. Go to your Sporcle Settings to finish the process.

Report this User

Report this user for behavior that violates our Community Guidelines.

Details: